| 000 | 00584nam a2200169Ia 4500 | ||
|---|---|---|---|
| 008 | 180921t1994 xxu||||| |||| 00| 0 sin d | ||
| 041 | _asin | ||
| 080 |
_a581 SRI L _bNKA |
||
| 245 | _aනාගරික ප්රදේශවල රුක් රෝපණය නඩත්තුව සහ කළමනාකරණය | ||
| 246 | _aNaagarika pradeshhavala ruk ropanaya nadaththuva saha kalamanaakaranaya | ||
| 260 |
_bCentral environment authority _c1994 |
||
| 300 | _a16p., 22 cm | ||
| 650 | _aPlant | ||
| 942 | _cBK | ||
| 999 |
_c17103 _d17103 |
||
| 003 | LK-CoDNM | ||
| 040 |
_aLK-CoDNM _dLK-CoDNM _eLK-CoDNM |
||